000 00758nam a22002417a 4500
003 UA-OsUOA
001 36209
007 ta
008 20060119b un ||||| |||| 00| 0 ukr d
100 _aФролова Т. Д.
090 _a811.161.2(075.8)
_bФ-91
942 _cBK
040 _aUA-OsUOA
_bukr
_cUA-OsUOA
_dUA-OsUOA
245 _aУкраїнська за 26 днів для тих, хто її не вивчав
_bнавчальний посібник
300 _a304 с.
955 _a2
041 _aukr
080 _a811.161.2(075.8)
020 _a966-319-073-6
260 _aК.
_bА.С.К.
_c2004
650 7 _a8 Мовознавство. Художня література. Літературознавство
_2UDC
999 _c322455
_d322455